Enviromental engineering

Enregistré dans:
Détails bibliographiques
Auteurs principaux: Peavy, Howard S. (Auteur), Rowe, Donald R (Auteur), Tchobanoglous, George (Auteur)
Format: Livre
Langue:anglais
Publié: Nueva York McGraw Hill 1985
Collection:McGraw Hill Series in Water Resources and Environmental Engineering
Sujets:
Tags: Ajouter un tag
Pas de tags, Soyez le premier à ajouter un tag!

MARC

LEADER 00000nam a2200000 a 4500
001 UCS4111
003 CL-VaPUC
008 970725e19850000US |||||||||||||||||eng|d
082 0 4 |a 628  |b PEA  |2 21 
100 |a Peavy, Howard S.  |e author  |9 390203 
700 0 |a Rowe, Donald R  |e author  |9 390204 
700 0 |a Tchobanoglous, George  |e author  |9 390205 
245 1 0 |a Enviromental engineering 
300 |a pag. irreg 
942 |c BK 
945 |d 19970725 00:00:00  |a jquezada 
260 |a Nueva York  |b McGraw Hill  |c 1985 
650 0 |a Ingeniería ambiental  |9 328689 
650 0 |a Residuos industriales  |9 261421 
650 0 |a Aguas residuales   |9 262614 
650 0 |a Drenaje sanitario  |9 353549 
650 0 |a Tecnología sanitaria  |9 262722 
650 0 |a Tratamiento del agua   |9 262889 
650 7 |a PURIFICACION  |2 CL-VaPUC  |9 262791 
583 |a last modification  |c 19970725 00:00:00  |k Rodrigo Vera 
490 0 |a McGraw Hill Series in Water Resources and Environmental Engineering 
999 |c 261444  |d 261442 
952 |0 0  |1 1  |2 ddc  |4 0  |6 628_000000000000000_PEA_1985  |7 0  |8 A  |9 288881  |a BIBING  |b BIBING  |d 2019-11-19  |i 3336808  |o 628 PEA 1985  |p 3336808  |r 2023-03-02  |w 2019-11-19  |y BK  |k EIQ